[Event "93rd YMCA Summer-A"]
[Site "Warszawa"]
[Date "2011.08.11"]
[Round "6"]
[White "Safanowski, Tomasz"]
[Black "Liberadzki, Slawomir"]
[Result "0-1"]
[WhiteElo "1953"]
[BlackElo "2063"]
[PlyCount "58"]
[EventDate "2011.07.26"]
[EventType "tourn"]
[EventCountry "POL"]
[SourceDate "2011.07.26"]

1. f4 d5 2. Nf3 g6 3. e3 Bg7 4. d3 c5 5. Be2 Nc6 6. O-O Nf6 7. Nc3 O-O 8. Ne5
Qc7 9. Nxc6 Qxc6 10. Bf3 Rd8 11. Nxd5 Nxd5 12. c4 Nxe3 13. Bxe3 Qd6 14. Qe2 Bd7
15. Qf2 Bc6 16. Bxc5 Qxd3 17. Bxc6 bxc6 18. Rac1 e6 19. b4 a5 20. Qc2 Bd4+ 21.
Bxd4 Qxd4+ 22. Kh1 axb4 23. Rcd1 Qc3 24. Qxc3 bxc3 25. Rc1 Rxa2 26. Rxc3 Rdd2
27. Rb1 Rxg2 28. Rb6 Rxh2+ 29. Kg1 Rhb2 0-1

[Event "93rd YMCA Summer-A"]
[Site "Warszawa"]
[Date "2011.08.24"]
[Round "6"]
[White "Ponceleusz, Bronislaw"]
[Black "Rozowski, Marcin"]
[Result "0-1"]
[WhiteElo "1911"]
[BlackElo "1908"]
[PlyCount "90"]
[EventDate "2011.07.26"]
[EventType "tourn"]
[EventCountry "POL"]
[SourceDate "2011.07.26"]

1. Nf3 d5 2. d4 Nf6 3. c4 c6 4. Nc3 a6 5. c5 Nbd7 6. Bf4 Nh5 7. e3 g6 8. Ne5
Nxf4 9. exf4 f6 10. Nxd7 Bxd7 11. Qd2 Bg7 12. O-O-O Qc7 13. Re1 Kf7 14. g3 e5
15. fxe5 fxe5 16. dxe5 Rhe8 17. f4 Qa5 18. Qd4 Bf8 19. b4 Qa3+ 20. Kd2 a5 21.
Rb1 axb4 22. Qxb4 Qxb4 23. Rxb4 Ra7 24. Na4 Rea8 25. Nb6 Bxc5 26. Rb3 Rxa2+ 27.
Kc3 Bf5 28. Bd3 Bxb6 29. e6+ Kxe6 30. Bxf5+ Kxf5 31. Rxb6 R8a3+ 32. Kd4 Ra7 33.
h3 h5 34. Re1 R2a4+ 35. Kc5 Re4 36. Reb1 h4 37. gxh4 Rxf4 38. Rxb7 Rc4+ 39. Kd6
Rxb7 40. Rxb7 d4 41. Rf7+ Ke4 42. Re7+ Kd3 43. Rg7 Kc2 44. Rxg6 d3 45. h5 d2
0-1

[Event "93rd YMCA Summer-A"]
[Site "Warszawa"]
[Date "2011.08.11"]
[Round "6"]
[White "Grabara, Krzysztof"]
[Black "Szukalski, Antoni"]
[Result "1-0"]
[WhiteElo "2016"]
[BlackElo "1846"]
[PlyCount "51"]
[EventDate "2011.07.26"]
[EventType "tourn"]
[EventCountry "POL"]
[SourceDate "2011.07.26"]

1. e4 e5 2. d4 exd4 3. Nf3 Nc6 4. Nxd4 Bc5 5. Nxc6 Qf6 6. Qd2 dxc6 7. Nc3 Bb4
8. Bd3 Bxc3 9. bxc3 Be6 10. O-O Qe7 11. f4 f6 12. Re1 O-O-O 13. Qf2 Kb8 14. a4
b6 15. a5 Nh6 16. h3 Nf7 17. Be3 Nd6 18. Reb1 Nc8 19. f5 Bf7 20. Ba6 Rd7 21.
Bxc8 Rxc8 22. axb6 cxb6 23. Bf4+ Kb7 24. Rxa7+ Kxa7 25. Qxb6+ Ka8 26. Qa6+ 1-0

[Event "93rd YMCA Summer-A"]
[Site "Warszawa"]
[Date "2011.07.26"]
[Round "7"]
[White "Szukalski, Antoni"]
[Black "Szewczak, Andrzej"]
[Result "1-0"]
[WhiteElo "1846"]
[BlackElo "2005"]
[PlyCount "107"]
[EventDate "2011.07.26"]
[EventType "tourn"]
[EventCountry "POL"]
[SourceDate "2011.07.26"]

1. e4 e5 2. Nf3 Nc6 3. Bb5 a6 4. Ba4 Nf6 5. O-O b5 6. Bb3 Bc5 7. c3 d6 8. h3
Bd7 9. Re1 Bb6 10. d4 Qe7 11. d5 Na5 12. Bc2 h6 13. Nbd2 O-O 14. Nf1 c5 15. b3
c4 16. b4 Nb7 17. Be3 Bxe3 18. Nxe3 a5 19. a3 g6 20. Kh2 Kg7 21. Qd2 Nh5 22. g3
f5 23. exf5 gxf5 24. Nh4 f4 25. Nef5+ Bxf5 26. Nxf5+ Rxf5 27. Bxf5 Qg5 28. g4
Nf6 29. Qc2 a4 30. Rad1 Qh4 31. Rg1 Nd8 32. g5 hxg5 33. Rxg5+ Qxg5 34. Rg1
Qxg1+ 35. Kxg1 Nf7 36. Be6 Nh6 37. f3 Nh5 38. Qf2 Kf6 39. Qb6 Nf5 40. Qb7 Rf8
41. Bxf5 Kxf5 42. Qd7+ Kg5 43. Qxd6 Rf5 44. Qe7+ Nf6 45. d6 Kh4 46. d7 Rg5+ 47.
Kf2 Kxh3 48. Qxf6 Rg2+ 49. Kf1 Ra2 50. d8=Q Kg3 51. Qh4+ Kxf3 52. Qd5+ Ke3 53.
Qe1+ Re2 54. Qxe2# 1-0

[Event "93rd YMCA Summer-A"]
[Site "Warszawa"]
[Date "2011.08.26"]
[Round "7"]
[White "Rozowski, Marcin"]
[Black "Grabara, Krzysztof"]
[Result "1-0"]
[WhiteElo "1908"]
[BlackElo "2016"]
[PlyCount "61"]
[EventDate "2011.07.26"]
[EventType "tourn"]
[EventCountry "POL"]
[SourceDate "2011.07.26"]

1. e4 c5 2. Nf3 d6 3. Bb5+ Nd7 4. c3 Ngf6 5. Qe2 a6 6. Ba4 b5 7. Bc2 e5 8. O-O
Be7 9. d4 O-O 10. Rd1 Qc7 11. d5 c4 12. Nbd2 Nc5 13. Nf1 Ne8 14. Ng3 g6 15. a4
Rb8 16. Qe3 Ng7 17. Qh6 f5 18. axb5 axb5 19. exf5 Nxf5 20. Nxf5 Bxf5 21. Bxf5
Rxf5 22. Qh3 Nd3 23. Be3 Qc8 24. Ra7 Rb7 25. Rda1 Nc5 26. Bxc5 dxc5 27. Nxe5
Qc7 28. Nc6 Rxa7 29. Rxa7 Qf4 30. Nxe7+ Kf8 31. Nxg6+ 1-0

[Event "93rd YMCA Summer-A"]
[Site "Warszawa"]
[Date "2011.08.31"]
[Round "7"]
[White "Liberadzki, Slawomir"]
[Black "Ponceleusz, Bronislaw"]
[Result "1/2-1/2"]
[WhiteElo "2063"]
[BlackElo "1911"]
[Annotator "M"]
[PlyCount "30"]
[EventDate "2011.07.26"]
[EventType "tourn"]
[EventCountry "POL"]
[SourceDate "2011.07.26"]

1. e4 d5 2. exd5 Qxd5 3. Nc3 Qd6 4. d4 Nf6 5. Nf3 g6 6. g3 Bg7 7. Bg2 Qa6 8.
Bf4 c6 9. Qd2 O-O 10. Ne5 Be6 11. Qd3 Nd5 12. Nxd5 Bxd5 13. Qxa6 Nxa6 14. Bxd5
cxd5 15. c3 Rac8 $11 1/2-1/2

[Event "93rd YMCA Summer-A"]
[Site "Warszawa"]
[Date "2011.08.18"]
[Round "7"]
[White "Rzepecka, Dorota"]
[Black "Safanowski, Tomasz"]
[Result "0-1"]
[WhiteElo "1897"]
[BlackElo "1953"]
[PlyCount "90"]
[EventDate "2011.07.26"]
[EventType "tourn"]
[EventCountry "POL"]
[SourceDate "2011.07.26"]

1. Nf3 Nf6 2. g3 d5 3. Bg2 e6 4. d4 Bd6 5. O-O b6 6. Ne5 Bb7 7. c4 Nbd7 8. cxd5
exd5 9. Qa4 O-O 10. Nxd7 Nxd7 11. Nc3 Nf6 12. Bg5 Be7 13. Rfe1 h6 14. Bxf6 Bxf6
15. Rad1 Qd6 16. Qb3 Rfd8 17. Kh1 Qd7 18. e3 Rab8 19. Rc1 Qf5 20. Kg1 c6 21.
Ne2 g5 22. f3 Qe6 23. Red1 Ba6 24. Kf2 c5 25. Bf1 Re8 26. Rc2 Bc4 27. Qa3 b5
28. b4 cxb4 29. Qc1 b3 30. axb3 Bxb3 31. Rc6 Rec8 32. Rxe6 Rxc1 33. Re8+ Rxe8
34. Rxc1 Bc4 35. Ra1 Ra8 36. Ra6 Kg7 37. Nc3 b4 38. Bxc4 dxc4 39. Nd5 b3 40.
Ke2 Be7 41. Nc3 Bb4 42. Nb1 c3 43. Rc6 c2 44. Nd2 Bxd2 45. Kxd2 Rb8 0-1

[Event "93rd YMCA Summer-A"]
[Site "Warszawa"]
[Date "2011.08.26"]
[Round "7"]
[White "Kadzinski, Wieslaw"]
[Black "Potocki, Karol"]
[Result "1-0"]
[WhiteElo "1976"]
[BlackElo "1919"]
[PlyCount "34"]
[EventDate "2011.07.26"]
[EventType "tourn"]
[EventCountry "POL"]
[SourceDate "2011.07.26"]

1. e4 e5 2. Nf3 Nf6 3. d4 Nxe4 4. Bd3 d5 5. Nxe5 Be7 6. Nc3 Nf6 7. O-O O-O 8.
Bg5 Nc6 9. Nxc6 bxc6 10. Re1 Bg4 11. Bxf6 Bxd1 12. Bxe7 Qd7 13. Bxf8 Bxc2 14.
Bxc2 Rxf8 15. Na4 Re8 16. Nc5 Rxe1+ 17. Rxe1 Qd8 1-0

[Event "93rd YMCA Summer-A"]
[Site "Warszawa"]
[Date "2011.08.23"]
[Round "8"]
[White "Szewczak, Andrzej"]
[Black "Potocki, Karol"]
[Result "1-0"]
[WhiteElo "2005"]
[BlackElo "1919"]
[PlyCount "101"]
[EventDate "2011.07.26"]
[EventType "tourn"]
[EventCountry "POL"]
[SourceDate "2011.07.26"]

1. e4 c6 2. Nc3 d5 3. d3 d4 4. Nce2 c5 5. f4 Nc6 6. Nf3 g6 7. Ng3 h5 8. Be2 h4
9. Nf1 Nf6 10. c4 Qc7 11. e5 Nh5 12. Ng5 Ng7 13. Ne4 b6 14. Nfd2 Nf5 15. Nf3
Bg7 16. Bd2 f6 17. exf6 exf6 18. a3 a5 19. O-O Bb7 20. Qe1 Ne3 21. Bxe3 dxe3
22. Nc3 Nd4 23. Nxd4 cxd4 24. Nb5 Qd7 25. b4 h3 26. g4 Bg2 27. Qg3 Bxf1 28.
Rxf1 Kf7 29. f5 g5 30. Bf3 axb4 31. Bd5+ Ke7 32. axb4 Ra2 33. Kh1 Rg2 34. Bxg2
hxg2+ 35. Qxg2 Rb8 36. Qe4+ Kf7 37. Nxd4 Re8 38. Ne6 Bf8 39. Rb1 Bd6 40. Qxe3
Rh8 41. h3 Qb7+ 42. Kg1 Ra8 43. Qe4 Qa7 44. Re1 Bxb4 45. Re2 Qa1+ 46. Kg2 Ra2
47. Qb7+ Be7 48. Nd8+ Kg8 49. Qxe7 Rxe2+ 50. Qxe2 Qa8+ 51. Qe4 1-0

[Event "93rd YMCA Summer-A"]
[Site "Warszawa"]
[Date "2011.08.24"]
[Round "8"]
[White "Safanowski, Tomasz"]
[Black "Kadzinski, Wieslaw"]
[Result "0-1"]
[WhiteElo "1953"]
[BlackElo "1976"]
[Annotator "M"]
[PlyCount "56"]
[EventDate "2011.07.26"]
[EventType "tourn"]
[EventCountry "POL"]
[SourceDate "2011.07.26"]

1. f4 e5 2. fxe5 d6 3. exd6 Bxd6 4. Nf3 Bg4 5. e4 Nc6 6. Be2 Bxf3 7. Bxf3 Qh4+
8. g3 Bxg3+ 9. hxg3 Qxg3+ 10. Kf1 Nd4 11. Bg2 Nf6 12. Rh3 Qf4+ 13. Bf3 Nxe4 14.
d3 Qf5 15. dxe4 Qxh3+ 16. Bg2 Qd7 $11 17. Qd3 Rd8 18. Be3 O-O 19. c3 Nf5 20.
Qxd7 Nxe3+ 21. Ke2 Rxd7 22. Kxe3 Rd1 23. Bf3 Rg1 24. Kd2 g5 25. Kc2 g4 26. Bd1
Rd8 27. Na3 g3 28. Nc4 Rdxd1 0-1

[Event "93rd YMCA Summer-A"]
[Site "Warszawa"]
[Date "2011.08.23"]
[Round "8"]
[White "Ponceleusz, Bronislaw"]
[Black "Rzepecka, Dorota"]
[Result "1-0"]
[WhiteElo "1911"]
[BlackElo "1897"]
[PlyCount "43"]
[EventDate "2011.07.26"]
[EventType "tourn"]
[EventCountry "POL"]
[SourceDate "2011.07.26"]

1. c4 Nf6 2. Nc3 b6 3. e4 e5 4. Nf3 d6 5. d4 exd4 6. Nxd4 Bb7 7. Bd3 Be7 8. O-O
O-O 9. Nf5 Nbd7 10. Be3 Re8 11. Nd5 Bf8 12. f3 Ne5 13. Bg5 Bxd5 14. cxd5 g6 15.
Nd4 Bg7 16. Bb5 Rf8 17. Qd2 Qc8 18. Rac1 Ne8 19. Be7 a6 20. Bxf8 Kxf8 21. Bxe8
Kxe8 22. Nc6 1-0

[Event "93rd YMCA Summer-A"]
[Site "Warszawa"]
[Date "2011.08.23"]
[Round "8"]
[White "Grabara, Krzysztof"]
[Black "Liberadzki, Slawomir"]
[Result "0-1"]
[WhiteElo "2016"]
[BlackElo "2063"]
[PlyCount "70"]
[EventDate "2011.07.26"]
[EventType "tourn"]
[EventCountry "POL"]
[SourceDate "2011.07.26"]

1. e4 c5 2. Ne2 Nc6 3. Nbc3 e6 4. g3 a6 5. Bg2 g6 6. d4 cxd4 7. Nxd4 Bg7 8. Be3
Nge7 9. O-O O-O 10. Nxc6 Nxc6 11. Bc5 Re8 12. Re1 Be5 13. Re3 b6 14. Bd6 Bb7
15. Rd3 Qf6 16. Qd2 Rac8 17. Rd1 Bxd6 18. Rxd6 Ne5 19. Qd4 Nf3+ 20. Bxf3 Qxf3
21. Rd3 Qh5 22. Rxb6 Rc7 23. Rd6 Bc6 24. b3 Rec8 25. Rd2 f5 26. Nd5 exd5 27.
exd5 Bb7 28. c4 Qh6 29. Rb6 Re8 30. Rd1 Qh5 31. Rc1 Qf3 32. Qf4 Bxd5 33. Qxf3
Bxf3 34. Rxa6 d5 35. c5 Rxc5 0-1

[Event "93rd YMCA Summer-A"]
[Site "Warszawa"]
[Date "2011.08.23"]
[Round "8"]
[White "Szukalski, Antoni"]
[Black "Rozowski, Marcin"]
[Result "0-1"]
[WhiteElo "1846"]
[BlackElo "1908"]
[Annotator "M"]
[PlyCount "118"]
[EventDate "2011.07.26"]
[EventType "tourn"]
[EventCountry "POL"]
[SourceDate "2011.07.26"]

1. e4 c5 2. Nf3 Nc6 3. d4 cxd4 4. Nxd4 Nf6 5. Nc3 e5 6. Nb3 Bb4 7. Bg5 h6 8.
Bxf6 Qxf6 9. Bd3 Bxc3+ 10. bxc3 d6 11. O-O O-O 12. Qd2 Rd8 13. Bc4 Be6 14. Bd5
Bxd5 15. Qxd5 Qe6 16. f4 exf4 17. Rxf4 Qxd5 18. exd5 $11 Ne5 19. c4 Rac8 20.
Nd2 Rc5 21. Rb1 b6 22. a4 Kf8 23. Kf2 Ke7 24. Ke2 g5 25. Rd4 f5 26. g3 Rdc8 27.
Rb4 Rf8 28. h3 h5 29. Nf3 Nxf3 30. Kxf3 Kf6 31. Rb3 Re8 32. Rb1 g4+ 33. hxg4
hxg4+ 34. Kf2 Rec8 35. Rb4 Rh8 36. Kg2 Re8 37. Kf2 Re4 38. Rxe4 fxe4 39. Ke2
Ke5 40. c3 Rc8 41. a5 bxa5 42. Ra4 Rb8 43. Rxa5 Rb2+ 44. Ke1 Rc2 45. c5 dxc5
46. Rxc5 Kd6 47. Ra5 Rxc3 48. Kf2 Rf3+ 49. Kg2 Rf7 50. Ra6+ Kc5 51. Rg6 Kxd5
52. Rxg4 Kd4 53. Rg8 Kd3 54. Rd8+ Ke2 55. Rb8 Rd7 56. Rb4 e3 57. Ra4 Ke1 58.
Ra1+ Rd1 59. Rxa7 e2 $138 0-1

[Event "93rd YMCA Summer-A"]
[Site "Warszawa"]
[Date "2011.08.29"]
[Round "9"]
[White "Rozowski, Marcin"]
[Black "Szewczak, Andrzej"]
[Result "0-1"]
[WhiteElo "1908"]
[BlackElo "2005"]
[PlyCount "160"]
[EventDate "2011.07.26"]
[EventType "tourn"]
[EventCountry "POL"]
[SourceDate "2011.07.26"]

1. e4 e6 2. d4 d5 3. Nc3 Bb4 4. e5 c5 5. a3 Bxc3+ 6. bxc3 Bd7 7. Qg4 Kf8 8. Nf3
Ba4 9. dxc5 Bxc2 10. Qb4 Qe7 11. Nd4 Bg6 12. Bb5 f6 13. Nxe6+ Kf7 14. Nf4 Qxe5+
15. Be3 Be4 16. O-O Ne7 17. Rfe1 Qc7 18. f3 Bf5 19. Qb3 Rd8 20. Red1 a6 21. Bd3
Bxd3 22. Rxd3 Nbc6 23. Nxd5 Nxd5 24. Rxd5 Kf8 25. Rh5 Qf7 26. Qxf7+ Kxf7 27.
Rh4 Rd3 28. Bd4 Rd8 29. Rb1 Rd7 30. Rb2 h6 31. Re4 Rd1+ 32. Kf2 Ra1 33. Re1
Rxa3 34. Reb1 Nd8 35. Rb6 Ra2+ 36. R1b2 Rxb2+ 37. Rxb2 Ke6 38. Ke3 Nc6 39. Rb6
Kd5 40. Kd3 Na5 41. Rb1 Nc4 42. Rb4 Na5 43. Rb1 Ke6 44. Re1+ Kf7 45. Rb1 Ke8
46. g4 Kd8 47. h4 Kc8 48. g5 hxg5 49. hxg5 fxg5 50. Rg1 Rf7 51. Ke2 Rf5 52. Be3
Nc4 53. Bxg5 Rxc5 54. Bh4 Rc7 55. Bf2 Re7+ 56. Kd1 Ne5 57. Bd4 Nxf3 58. Rxg7
Rd7 59. Rxd7 Kxd7 60. Bg7 Ke6 61. Kc2 Kd5 62. Kb3 Nd2+ 63. Kb4 Nc4 64. Bf8 b5
65. Be7 Kc6 66. Bd8 Nd6 67. Be7 Nc4 68. Bd8 Ne5 69. Kb3 Kd7 70. Bf6 Nc6 71. Bg7
Ke6 72. Bf8 Kd5 73. Bg7 a5 74. Bf8 a4+ 75. Ka3 Kc4 76. Bg7 Ne7 77. Be5 Nd5 78.
Kb2 Ne3 79. Bg7 Nd1+ 80. Kc2 a3 0-1

[Event "93rd YMCA Summer-A"]
[Site "Warszawa"]
[Date "2011.08.30"]
[Round "9"]
[White "Liberadzki, Slawomir"]
[Black "Szukalski, Antoni"]
[Result "1-0"]
[WhiteElo "2063"]
[BlackElo "1846"]
[PlyCount "97"]
[EventDate "2011.07.26"]
[EventType "tourn"]
[EventCountry "POL"]
[SourceDate "2011.07.26"]

1. e4 e5 2. Nc3 d6 3. Bc4 Nf6 4. f4 Nc6 5. Nf3 Bg4 6. Bb5 Be7 7. fxe5 dxe5 8.
Bxc6+ bxc6 9. O-O O-O 10. d3 Bc5+ 11. Kh1 Qd6 12. Qe1 Bh5 13. Qg3 Nd7 14. Nh4
Bg6 15. Nd1 Qe6 16. Nf5 Kh8 17. Nde3 Bxe3 18. Bxe3 f6 19. b3 Rf7 20. Qh4 Kg8
21. g4 Nf8 22. a4 Qd7 23. Qf2 a6 24. Qd2 Ne6 25. Qc3 Rff8 26. g5 Kh8 27. Rf2
Nxg5 28. Bxg5 Bxf5 29. Rxf5 fxg5 30. Raf1 Qd6 31. Kg2 h6 32. Qxe5 Qb4 33. Qa5
Qd6 34. Qc5 Kg8 35. Rxf8+ Rxf8 36. Rxf8+ Kxf8 37. Qxd6+ cxd6 38. b4 Ke7 39. d4
g4 40. Kg3 h5 41. Kh4 g6 42. Kg5 Kd7 43. c4 Kc7 44. Kf4 Kd7 45. b5 cxb5 46.
cxb5 axb5 47. axb5 Kc7 48. e5 dxe5+ 49. dxe5 1-0

[Event "93rd YMCA Summer-A"]
[Site "Warszawa"]
[Date "2011.08.30"]
[Round "9"]
[White "Rzepecka, Dorota"]
[Black "Grabara, Krzysztof"]
[Result "1/2-1/2"]
[WhiteElo "1897"]
[BlackElo "2016"]
[PlyCount "75"]
[EventDate "2011.07.26"]
[EventType "tourn"]
[EventCountry "POL"]
[SourceDate "2011.07.26"]

1. e4 e6 2. d4 d5 3. Nc3 Nf6 4. e5 Nfd7 5. f4 c5 6. Nf3 Nc6 7. Be3 a6 8. Qd2 b5
9. Be2 b4 10. Na4 Qa5 11. Nxc5 Nxc5 12. dxc5 Bxc5 13. O-O Qb6 14. Bxc5 Qxc5+
15. Kh1 a5 16. Rad1 g6 17. Bd3 Ba6 18. Bxa6 Rxa6 19. g4 h5 20. gxh5 Rxh5 21.
Qg2 Ra8 22. Ng5 Ne7 23. Rd2 Rc8 24. Qg4 Rc6 25. Rg1 Qa7 26. Qe2 Nf5 27. Qb5 Qb6
28. Qa4 Ke7 29. Rdg2 Rc4 30. Nxf7 Rxf4 31. Nd6 Nxd6 32. exd6+ Kxd6 33. Qe8 Qa7
34. Qd8+ Kc5 35. Qc8+ Kd6 36. Qd8+ Kc5 37. Qc8+ Kd6 38. Qd8+ 1/2-1/2

[Event "93rd YMCA Summer-A"]
[Site "Warszawa"]
[Date "2011.08.11"]
[Round "9"]
[White "Kadzinski, Wieslaw"]
[Black "Ponceleusz, Bronislaw"]
[Result "1/2-1/2"]
[WhiteElo "1976"]
[BlackElo "1911"]
[Annotator "Admin"]
[PlyCount "49"]
[EventDate "2011.07.26"]
[EventType "tourn"]
[EventCountry "POL"]
[SourceDate "2011.07.26"]

1. e4 c5 2. Nf3 Nc6 3. d4 cxd4 4. Nxd4 Qb6 5. Nb3 Nf6 6. Nc3 e6 7. Be2 Be7 8.
O-O O-O 9. Be3 Qc7 10. f4 d6 11. Bf3 e5 12. f5 Rd8 13. g4 d5 14. Nxd5 Nxd5 15.
exd5 Nb4 16. c3 Na6 17. Be4 Nc5 18. Nxc5 Bxc5 19. Bxc5 Qxc5+ 20. Kh1 b6 21. Qf3
Bb7 22. Rad1 f6 23. h4 Rd6 24. Rd2 Rc8 25. Rc1 $11 1/2-1/2

[Event "93rd YMCA Summer-A"]
[Site "Warszawa"]
[Date "2011.08.05"]
[Round "9"]
[White "Potocki, Karol"]
[Black "Safanowski, Tomasz"]
[Result "1/2-1/2"]
[WhiteElo "1919"]
[BlackElo "1953"]
[PlyCount "186"]
[EventDate "2011.07.26"]
[EventType "tourn"]
[EventCountry "POL"]
[SourceDate "2011.07.26"]

1. c4 Nf6 2. g3 e6 3. Bg2 c5 4. Nf3 d6 5. O-O Be7 6. Nc3 O-O 7. d4 Nbd7 8. e4
cxd4 9. Nxd4 a6 10. Be3 Qc7 11. Qe2 Rb8 12. Rfd1 b6 13. Rac1 Bb7 14. f4 Rfe8
15. g4 Nc5 16. Bf2 h6 17. b4 Ncd7 18. g5 hxg5 19. fxg5 Nh7 20. g6 Nhf8 21.
gxf7+ Kxf7 22. Bg3 Ne5 23. Rf1+ Kg8 24. Bh3 Bf6 25. Bxe5 dxe5 26. Nf3 Rbc8 27.
Qe3 Be7 28. a3 a5 29. Nb5 Qb8 30. Qxb6 Bxe4 31. Qxb8 Rxb8 32. Nxe5 axb4 33.
axb4 Bxb4 34. Bg2 Bc5+ 35. Kh1 Bxg2+ 36. Kxg2 Ra8 37. Rc2 Re7 38. Rd1 g5 39.
Kf3 Kg7 40. Rg2 Kf6 41. Ke4 Nh7 42. Rf1+ Kg7 43. h4 Nf6+ 44. Kf3 g4+ 45. Nxg4
Nxg4 46. Rxg4+ Kh7 47. Ke4 e5 48. Rf5 Ra6 49. Kd5 Be3 50. Rxe5 Rxe5+ 51. Kxe5
Kh6 52. Nd4 Kh5 53. Re4 Ra5+ 54. Kd6 Ra6+ 55. Kd5 Ra5+ 56. c5 Bf2 57. Kc6 Bxh4
58. Ne6 Bf2 59. Nf4+ Kh6 60. Nd3 Bxc5 61. Re5 Ra6+ 62. Kb5 Rd6 63. Nxc5 Kg6 64.
Ne4 Rd1 65. Kc5 Rd3 66. Kc4 Rd1 67. Nc3 Rd2 68. Nd5 Rc2+ 69. Kd4 Rd2+ 70. Ke4
Re2+ 71. Ne3 Kf6 72. Ra5 Re1 73. Kf4 Ke6 74. Ra6+ Kd7 75. Ke4 Ke7 76. Kd4 Kf7
77. Ng2 Re6 78. Ra1 Rd6+ 79. Ke5 Re6+ 80. Kd5 Re2 81. Nf4 Re3 82. Ra6 Re1 83.
Nd3 Re2 84. Ne5+ Kg7 85. Rg6+ Kh7 86. Rg1 Kh6 87. Ke6 Ra2 88. Nd7 Re2+ 89. Kf7
Ra2 90. Rg6+ Kh5 91. Nf6+ Kh4 92. Rg4+ Kh3 93. Kg6 Rg2 1/2-1/2